Paesi più vicini al Burkina Faso con una mappa - Statistics

Statistiche generali
  • Questo quiz è stato fatto 162 volte
  • Il punteggio medio è 15 su 20
Risposte nella Mappa
Le risposte nella mappa del quiz sottostante sono codificate secondo una scala di colori dal rosso al verde in base alla % di persone che hanno risposto correttamente.
 
Statistiche sulle risposte
nazione % Corretto
Niger
92%
Ghana
91%
Mali
89%
Nigeria
89%
Togo
88%
Côte d'Ivoire
86%
Senegal
84%
Benin
83%
Guinea
83%
Sierra Leone
82%
Mauritania
79%
Algeria
78%
Liberia
78%
Marocco
76%
Guinea-Bissau
74%
Gambia
72%
Camerun
66%
Ciad
65%
Guinea Equatoriale
42%
Sao Tome e Principe
39%
Nessun quiz corrispondente trovato
Distribuzione punteggi
Percentuale di utenti per punteggio
Percentile per numero di risposta
I tuoi punteggi nel tempo
Non hai fatto questo quiz